Basic mathematics : (Record no. 2734)

MARC details
000 -LEADER
fixed length control field 00720cam a2200277 a 4500
001 - CONTROL NUMBER
control field 883475
003 - CONTROL NUMBER IDENTIFIER
control field 20160510112045.0
005 - DATE AND TIME OF LATEST TRANSACTION
control field 20240606080900.0
008 - FIXED-LENGTH DATA ELEMENTS--GENERAL INFORMATION
fixed length control field 810109s1981 su 001 0 eng
010 ## - LIBRARY OF CONGRESS CONTROL NUMBER
LC control number 80041685
015 ## - NATIONAL BIBLIOGRAPHY NUMBER
National bibliography number GB81
020 ## - INTERNATIONAL STANDARD BOOK NUMBER
Terms of availability £12.00
040 ## - CATALOGING SOURCE
Original cataloging agency DLC
Transcribing agency DLC
Modifying agency DLC
050 00 - LIBRARY OF CONGRESS CALL NUMBER
Classification number QA39.2
Item number .A4 2011
082 00 - DEWEY DECIMAL CLASSIFICATION NUMBER
Classification number 515
Edition information 19
100 2# - MAIN ENTRY--PERSONAL NAME
Personal name SHAILENDRA JAIN
245 10 - TITLE STATEMENT
Title Basic mathematics :
260 ## - PUBLICATION, DISTRIBUTION, ETC.
Place of publication, distribution, etc. NEW DELHI
Name of publisher, distributor, etc. CAMPUS BOOKS INTERNATIONAL
Date of publication, distribution, etc. c2011.
300 ## - PHYSICAL DESCRIPTION
Extent xii, 308 p. ;
Dimensions 24 cm.
500 ## - GENERAL NOTE
General note Includes index.
650 #0 - SUBJECT ADDED ENTRY--TOPICAL TERM
Topical term or geographic name entry element Mathematics.
650 #0 - SUBJECT ADDED ENTRY--TOPICAL TERM
Topical term or geographic name entry element Precalculus.
700 1# - ADDED ENTRY--PERSONAL NAME
Personal name Benharbit, Abdelali.
906 ## - LOCAL DATA ELEMENT F, LDF (RLIN)
a 7
b cbc
c orignew
d 1
e ocip
f 19
g y-gencatlg
942 ## - ADDED ENTRY ELEMENTS (KOHA)
Source of classification or shelving scheme Library of Congress Classification
Koha item type Books
Holdings
Withdrawn status Lost status Source of classification or shelving scheme Damaged status Not for loan Home library Current library Shelving location Date acquired Total checkouts Full call number Barcode Date last seen Date last checked out Price effective from Koha item type
    Library of Congress Classification     Murang'a University of Technology Library Murang'a University of Technology Library General stacks 10/05/2016 2 QA39.2 .A4 2011 002860 30/08/2024 02/11/2017 10/05/2016 Books